¿Cómo saber qué políticas públicas generan mayor bienestar?: aplicación en el sector salud de un modelo para la evaluación de políticas públicas en Nicaragua /
El estudio presenta paso a paso la aplicación en el sector salud del modelo Cerda-Torche (2005), una metodología para la evaluación de políticas públicas a través de la valoración de los beneficios sociales derivados de la reducción en las tasas de mortalidad. Dicha metodología puede ser aplicada a...
Enregistré dans:
| Auteur principal: | |
|---|---|
| Autres auteurs: | |
| Format: | Texte |
| Sujets: | |
| Tags: |
Ajouter un tag
Pas de tags, Soyez le premier à ajouter un tag!
|
MARC
| LEADER | 00000 a a2200000 04500 | ||
|---|---|---|---|
| 001 | 46070 | ||
| 003 | |||
| 040 | |||
| 100 | |a Martínez Baltodano, Octavio | ||
| 245 | |a ¿Cómo saber qué políticas públicas generan mayor bienestar?: |b aplicación en el sector salud de un modelo para la evaluación de políticas públicas en Nicaragua / |c Octavio Martínez Baltodano, María Haydée Fonseca Mairena | ||
| 520 | |a El estudio presenta paso a paso la aplicación en el sector salud del modelo Cerda-Torche (2005), una metodología para la evaluación de políticas públicas a través de la valoración de los beneficios sociales derivados de la reducción en las tasas de mortalidad. Dicha metodología puede ser aplicada a cualquier sector para evaluar el impacto social de la ejecución de políticas, programas o proyectos y de esta forma reorientar eficazmente los recursos económicos del gobierno. Este modelo se calibra con datos de la economía nicaragüense durante 2008 y simulaciones a través de modificaciones paramétricas que permiten determinar los beneficios sociales provocados por la reducción de las tasas de mortalidad de las primeras seis causas de muerte en Nicaragua en 2008. | ||
| 590 | |a AMB/DICIEMBRE2014 | ||
| 650 | |a A. POLITICA GUBERNAMENTAL | ||
| 650 | |a B. ECONOMIA | ||
| 650 | |a C. BIENESTAR SOCIAL | ||
| 650 | |a D. SISTEMA DE SALUD | ||
| 650 | |a E. TASA DE MORTALIDAD | ||
| 650 | |a F. EVALUACION | ||
| 650 | |a G. NICARAGUA | ||
| 700 | |a Fonseca Mairena, María Haydée | ||
| 773 | |g volumen44, número94 ( , 2013), páginas 7-41 : tablas, gráficos | ||
| 999 | |c 30654 |d 30654 | ||
